| 000 | 02006nam2a22002891 4500 | ||
|---|---|---|---|
| 001 | v19\rc\1586548 | ||
| 005 | 20250618213052.0 | ||
| 035 | _a(NLR Aleph) 004712118 | ||
| 090 |
_a4214957 _c4214957 |
||
| 100 | _a20061002d1910 |||y0rusy50 ca | ||
| 101 | 0 |
_arus _ager |
|
| 102 | _aRU | ||
| 105 | _ay z ||||| | ||
| 200 | 0 | _aза 1894-1909 года | |
| 210 |
_d1910 _aБ. м. |
||
| 215 | _a44 с. | ||
| 300 | _aЧасть текста парал. на рус. и нем. яз. | ||
| 311 | _aПрил. к протоколам заседаний О-ва естествоиспытателей при Казанском ун-те. № 251 | ||
| 316 |
_aЭкз. РНБ (2/1458): приплетено к изд. ... 1908/1909 _5NLR: 2/1458 |
||
| 422 | 0 |
_12001#$aПротоколы заседаний Общества естествоиспытателей при Казанском университете$v№ 251 _tПротоколы заседаний Общества естествоиспытателей при Казанском университете |
|
| 461 | 0 |
_1001v19\rc\1586546 _12001#$aУказатель изданий Общества естествоиспытателей при Казанском университете...$vза 1894-1909 года _94214936 _aОбщество естествоиспытателей (Казань, до 1917 г.) _cКазань _d1894-1910 _tУказатель изданий Общества естествоиспытателей при Казанском университете... _vза 1894-1909 года |
|
| 482 | 0 |
_12001#$aПротоколы заседаний Общества естествоиспытателей при Казанском университете$v1908/1909 _tПротоколы заседаний Общества естествоиспытателей при Казанском университете |
|
| 801 | 0 |
_aRU _bNLR _gpsbo |
|
| 801 | 1 |
_aRU _bProSoft-M _2rusmarc |
|
| 852 |
_aNLR _j2/1458 |
||
| 942 | _cBOOK | ||
| 980 | _aNB | ||